000 00340nam a2200121Ia 4500
003 GCL
008 140319s9999 xx 000 0 ara d
040 _aGCL /
_cGCL
082 0 4 _aط
_b813.0872
_bد س
245 1 0 _aالاشباح الياشقة
260 _a[S.N] :
_bدار الراتب الجامعية
490 _aسلسلة سوفنير
_v0
999 _c32253
_d32253